Library Logo

Pioneer International University Library Catalogue

Engineering graphics communication / (Record no. 1973)

MARC details
000 -LEADER
fixed length control field 00508pam a2200157 a 4500
005 - DATE AND TIME OF LATEST TRANSACTION
control field 20250901165318.0
008 - FIXED-LENGTH DATA ELEMENTS--GENERAL INFORMATION
fixed length control field 940816s1995 ilua b 001 0 eng
010 ## - LIBRARY OF CONGRESS CONTROL NUMBER
LC control number 94023423
020 ## - INTERNATIONAL STANDARD BOOK NUMBER
International Standard Book Number 0256114188
050 00 - LIBRARY OF CONGRESS CALL NUMBER
Classification number T351.5
Item number .E54 1995
082 00 - DEWEY DECIMAL CLASSIFICATION NUMBER
Classification number 604.2/4
Edition information 20
245 00 - TITLE STATEMENT
Title Engineering graphics communication /
Statement of responsibility, etc. Gary R. Bertoline, ... [et al.].
260 ## - PUBLICATION, DISTRIBUTION, ETC.
Place of publication, distribution, etc. Chicago :
Name of publisher, distributor, etc. Irwin,
Date of publication, distribution, etc. c1995.
300 ## - PHYSICAL DESCRIPTION
Extent 1 v. (various pagings) :
Other physical details ill. (some col.) ;
Dimensions 27 cm.
942 ## - ADDED ENTRY ELEMENTS (KOHA)
Source of classification or shelving scheme Library of Congress Classification
Classification part T351.5 .B47 1995
Holdings
Withdrawn status Lost status Source of classification or shelving scheme Damaged status Not for loan Home library Current library Shelving location Date acquired Total checkouts Full call number Barcode Date last seen Price effective from Koha item type
    Library of Congress Classification     Main Library Main Library   03/09/2021   T351.5 | .E54 1995 PIU0000790 03/09/2021 03/09/2021 Books